[Event "Oberliga Ost-A 0506"]
[Site "Germany"]
[Date "2005.11.13"]
[Round "1.5"]
[White "Hartwig, Maik"]
[Black "Csulits, Anton"]
[Result "1/2-1/2"]
[WhiteElo "2124"]
[BlackElo "2245"]
[PlyCount "89"]
[EventDate "2005.11.13"]
[EventType "team-tourn"]
[EventRounds "11"]
[EventCountry "GER"]
[SourceTitle "EXT 2007"]
[Source "ChessBase"]
[SourceDate "2006.11.23"]
[SourceVersion "1"]
[SourceVersionDate "2006.11.23"]
[SourceQuality "1"]
[WhiteTeam "Halle USV II"]
[BlackTeam "Halle USV"]
[WhiteTeamCountry "GER"]
[BlackTeamCountry "GER"]

1. d4 Nf6 2. Nf3 g6 3. Bg5 Bg7 4. Nc3 c5 5. dxc5 Na6 6. e4 Nxc5 7. Bd3 0-0 8. Qd2 Ne6 9. Bh6 Bxh6 10. Qxh6 Qb6 11. 0-0 Qxb2 12. Ne2 d6 13. Rfb1 Qa3 14. h3 a6 15. Nf4 Nxf4 16. Qxf4 Qc3 17. a4 Nd7 18. Qh4 Re8 19. Ng5 Nf8 20. Qf4 f6 21. Nf3 Ne6 22. Qc1 Kg7 23. Ra3 Qc7 24. Qb2 Nc5 25. Qb6 Qxb6 26. Rxb6 Bd7 27. a5 Bc6 28. Nd4 Rec8 29. f3 e5 30. Ne2 Kf8 31. Bc4 f5 32. exf5 d5 33. Bd3 Nxd3 34. cxd3 gxf5 35. Ng3 f4 36. Ne2 Rc7 37. d4 Bb5 38. Nc3 exd4 39. Nxb5 axb5 40. Rxb5 Rc3 41. Ra1 Rd8 42. Rxb7 d3 43. Rd1 Ra8 44. Rb5 Rd8 45. a6 1/2-1/2

[Event "Oberliga Ost-A 0304"]
[Site "Germany"]
[Date "2004.04.25"]
[Round "11.3"]
[White "Blumenthal, Hans Joachim"]
[Black "Hartwig, Maik"]
[Result "1/2-1/2"]
[WhiteElo "2150"]
[BlackElo "2136"]
[PlyCount "25"]
[EventDate "2003.11.02"]
[EventType "team-tourn"]
[EventRounds "11"]
[EventCountry "GER"]
[SourceTitle "EXT 2005"]
[Source "ChessBase"]
[SourceDate "2004.11.15"]
[SourceVersion "1"]
[SourceVersionDate "2004.11.15"]
[SourceQuality "1"]
[WhiteTeam "Magdeburg Rochade"]
[BlackTeam "Halle USV II"]
[WhiteTeamCountry "GER"]
[BlackTeamCountry "GER"]

1. d4 g6 2. Nc3 Bg7 3. e4 d6 4. Nge2 Nd7 5. g3 c5 6. Be3 Ngf6 7. h3 0-0 8. Bg2 Rb8 9. f4 cxd4 10. Bxd4 b6 11. 0-0 Bb7 12. Qd2 Nc5 13. Rfd1 1/2-1/2

[Event "Oberliga Ost-A 0304"]
[Site "Germany"]
[Date "2004.01.18"]
[Round "5.3"]
[White "Wagner, Christian"]
[Black "Hartwig, Maik"]
[Result "1/2-1/2"]
[WhiteElo "2152"]
[BlackElo "2136"]
[PlyCount "70"]
[EventDate "2003.11.02"]
[EventType "team-tourn"]
[EventRounds "11"]
[EventCountry "GER"]
[SourceTitle "EXT 2005"]
[Source "ChessBase"]
[SourceDate "2004.11.15"]
[SourceVersion "1"]
[SourceVersionDate "2004.11.15"]
[SourceQuality "1"]
[WhiteTeam "Magdeburg USC"]
[BlackTeam "Halle USV II"]
[WhiteTeamCountry "GER"]
[BlackTeamCountry "GER"]

1. b3 e5 2. Bb2 Nc6 3. c4 Nf6 4. e3 d5 5. cxd5 Nxd5 6. a3 a6 7. d3 Bd6 8. Nf3 0-0 9. Be2 f5 10. Nbd2 Qe7 11. Qc2 f4 12. e4 Nb6 13. b4 Kh8 14. 0-0 Qf6 15. Nb3 Na4 16. Na5 Nxb2 17. Nxc6 bxc6 18. Qxb2 g5 19. d4 exd4 20. Qxd4 Qxd4 21. Nxd4 c5 22. Nc6 Re8 23. f3 cxb4 24. Nxb4 a5 25. Bb5 axb4 26. Bxe8 bxa3 27. Bf7 Be5 28. Rad1 Kg7 29. Ba2 c5 30. Rd8 Rb8 31. Rb1 Bd4+ 32. Kh1 Rxb1+ 33. Bxb1 Be6 34. Ra8 Bb2 35. Ra6 Bb3 1/2-1/2

[Event "Oberliga Ost-A 0304"]
[Site "Germany"]
[Date "2003.11.23"]
[Round "3.3"]
[White "Hartwig, Maik"]
[Black "Stettler, Michael"]
[Result "1/2-1/2"]
[WhiteElo "2136"]
[BlackElo "2277"]
[PlyCount "42"]
[EventDate "2003.11.02"]
[EventType "team-tourn"]
[EventRounds "11"]
[EventCountry "GER"]
[SourceTitle "EXT 2005"]
[Source "ChessBase"]
[SourceDate "2004.11.15"]
[SourceVersion "1"]
[SourceVersionDate "2004.11.15"]
[SourceQuality "1"]
[WhiteTeam "Halle USV II"]
[BlackTeam "Leipzig Lok"]
[WhiteTeamCountry "GER"]
[BlackTeamCountry "GER"]

1. d4 Nf6 2. Nc3 d5 3. e4 Nxe4 4. Nxe4 dxe4 5. Bc4 Bf5 6. c3 e6 7. Qb3 Qc8 8. d5 Bd6 9. dxe6 Bxe6 10. Bxe6 fxe6 11. Nh3 0-0 12. Ng5 Re8 13. 0-0 Nc6 14. Re1 h6 15. Nxe4 Kh8 16. Qd1 Qd7 17. Qh5 Rf8 18. g4 Qe8 19. Qh3 Qg6 20. g5 Bf4 21. Kh1 e5 1/2-1/2

[Event "Oberliga Ost-A 0203"]
[Site "Germany"]
[Date "2002.11.16"]
[Round "2.8"]
[White "Goldammer, Anne"]
[Black "Hartwig, Maik"]
[Result "1/2-1/2"]
[WhiteElo "2178"]
[BlackElo "2127"]
[PlyCount "137"]
[EventDate "2002.10.20"]
[EventType "team"]
[EventRounds "11"]
[EventCountry "GER"]
[SourceTitle "EXT 2004"]
[Source "ChessBase"]
[SourceDate "2003.11.25"]
[SourceVersion "1"]
[SourceVersionDate "2003.11.25"]
[SourceQuality "1"]
[WhiteTeam "Magdeburg Aufbau Elbe"]
[BlackTeam "Halle USV"]
[WhiteTeamCountry "GER"]
[BlackTeamCountry "GER"]

1. d4 g6 2. c4 Bg7 3. Nc3 d6 4. e4 Nd7 5. Be3 e6 6. Qd2 h6 7. Nge2 Ne7 8. f3 b6 9. Nc1 Bb7 10. Be2 a6 11. Nd3 e5 12. d5 f5 13. a3 a5 14. Rb1 Nc5 15. b4 axb4 16. axb4 Na4 17. Nxa4 Rxa4 18. c5 fxe4 19. Nf2 0-0 20. Nxe4 Nf5 21. Bf2 bxc5 22. bxc5 Qa8 23. 0-0 Ra2 24. Qd1 Nd4 25. Bc4 Ra5 26. c6 Ba6 27. Bxa6 Qxa6 28. Bxd4 exd4 29. Qb3 d3 30. Qb7 Qxb7 31. Rxb7 Rf7 32. Rd1 Rxd5 33. Kf1 g5 34. Nf2 Rc5 35. Nxd3 Rxc6 36. Nb4 Rc4 37. Nd5 c6 38. Ne7+ Kf8 39. Ng6+ Ke8 40. Rb8+ Kd7 41. Rb7+ Ke6 42. Rxd6+ Kxd6 43. Rxf7 Bd4 44. Rh7 Ke6 45. Nf8+ Kf6 46. Nd7+ Kg6 47. Nf8+ Kf6 48. Nd7+ Ke6 49. Nf8+ Kf5 50. Ke2 c5 51. Rf7+ Ke5 52. Re7+ Kf6 53. Rc7 Rc2+ 54. Kd3 Rxg2 55. Rc6+ Kf7 56. Ne6 Rxh2 57. Nxc5 Bxc5 58. Rxc5 Kf6 59. Ke3 Kg6 60. Rb5 Kh5 61. Rb6 Ra2 62. Rc6 Ra7 63. Kf2 Rg7 64. Kg3 Rg6 65. Rc5 Rf6 66. Rc4 Kg6 67. f4 Ra6 68. fxg5 hxg5 69. Kg4 1/2-1/2